Municipis del País Valencià - Estadísticas

Estadísticas generales
  • Esta prueba ha sido intentada 9.235 veces
    7.986 desde el último reinicio
  • La puntuación promedio es 157 de 499
Respuestas en el mapa
Las respuestas están codificadas por una escala verde-roja en el mapa de la prueba según el % correcto abajo.
 
Estadísticas de respuestas
Resposta % Correcto
València
94%
Castell (3)
93%
Alacant
88%
la Torre (3)
88%
Gandia
84%
Benidorm
83%
Dénia
83%
Castelló (3)
82%
Requena
81%
Xàtiva
81%
Elx
80%
Sagunt
80%
Cullera
79%
Alcoi
76%
la Vall (6)
75%
Utiel
75%
Villar del Arzobispo
74%
Sueca
72%
Alzira
70%
Calp
70%
la Pobla (6)
70%
Torrent
70%
Benicàssim
69%
Oliva
69%
Vinaròs
69%
Xàbia
69%
Orihuela
68%
Ademuz
67%
Morella
67%
Ontinyent
67%
Silla
67%
Tavernes (2)
67%
Alboraia
66%
Alfafar
66%
Altea
66%
Benicarló
65%
Catarroja
65%
Peníscola
65%
Vilar de Canes
65%
Onda
64%
Paiporta
64%
Paterna
64%
Picassent
64%
Albal
63%
Buñol
63%
Llíria
63%
Torrevieja
63%
Algemesí
62%
Burjassot
62%
Elda
62%
Carcaixent
61%
Chera
61%
Manises
61%
Massanassa
61%
Villena
59%
Borriana
58%
l'Alcúdia (2)
58%
Santa Pola
58%
Benissa
57%
Chiva
57%
la Vila Joiosa
57%
Benetússer
56%
Rafal
56%
Vila-real
56%
Aldaia
55%
Benifaió
55%
Cheste
54%
Ibi
54%
Pego
54%
Alcàsser
53%
Almussafes
53%
Bétera
53%
la Font (2)
53%
Mislata
53%
Quart (2)
53%
Sant Joan (2)
53%
Xeraco
53%
Godella
52%
Puçol
52%
Riba-roja de Túria
52%
Segorbe
52%
Xirivella
52%
Alaquàs
51%
Alcudia de Veo
51%
el Puig de Santa Maria
51%
Montcada
51%
Nules
51%
Petrer
51%
Alcalà de Xivert
50%
Picanya
50%
Guardamar (2)
49%
l'Eliana
49%
Albaida
48%
Anna
48%
Ayora
48%
Cocentaina
48%
Massamagrell
48%
Novelda
48%
Alginet
47%
Muro d'Alcoi
47%
Orpesa
47%
Puebla (2)
47%
Sant Vicent del Raspeig
47%
Albalat (3)
46%
Bocairent
46%
Carlet
46%
Foios
46%
Moixent
46%
Montán
45%
Ondara
45%
Sedaví
45%
Xixona
45%
Almassora
44%
Almenara
44%
Canet (2)
44%
el Real de Gandia
43%
Xeresa
43%
Alberic
42%
Alfara (2)
42%
Almàssera
42%
Canals
42%
Cofrentes
42%
el Campello
42%
la Llosa (2)
42%
Real
42%
Crevillent
41%
Meliana
41%
Nàquera
41%
Serra
41%
Godelleta
40%
la Serra d'en Galceran
40%
Moncofa
40%
Montanejos
40%
Museros
40%
Pilar de la Horadada
40%
Siete Aguas
40%
Sollana
40%
Xilxes
40%
Agost
39%
Castalla
39%
Rafelbunyol
39%
Sax
39%
Teulada
39%
Aielo (2)
38%
Massalfassar
38%
Pedreguer
38%
Torís
38%
Torreblanca
38%
Tous
38%
Atzeneta d'Albaida
37%
Atzeneta del Maestrat
37%
Benimodo
37%
Enguera
37%
Gata de Gorgos
37%
l'Alfàs del Pi
37%
Manuel
37%
Albuixec
36%
Benigànim
36%
Chelva
36%
Olocau (2)
36%
Tibi
36%
Vallada
36%
Banyeres de Mariola
35%
Gilet
35%
Llombai
35%
Montserrat
35%
Barx
34%
Callosa (2)
34%
Casinos
34%
Catadau
34%
Daimús
34%
Dos Aguas
34%
Guadassuar
34%
Llocnou (3)
34%
San Antonio de Benagéber
34%
Villanueva de Viver
34%
Altura
33%
Aras de los Olmos
33%
Benaguasil
33%
Benifairó (2)
33%
Beniparrell
33%
Favara
33%
l'Alcora
33%
la Nucia
33%
Mutxamel
33%
Onil
33%
Rocafort
33%
Biar
32%
Chulilla
32%
Corbera
32%
el Poble Nou de Benitatxell
32%
Finestrat
32%
les Alqueries
32%
Montroi
32%
Piles
32%
Sant Mateu
32%
Simat de la Valldigna
32%
Sot (2)
32%
Vilamarxant
32%
Agres
31%
Albocàsser
31%
Aspe
31%
Cabanes
31%
Casas (2)
31%
Jérica
31%
l'Alqueria (2)
31%
l'Olleria
31%
Navajas
31%
Navarrés
31%
Quatretonda
31%
Ador
30%
Beniarrés
29%
Loriguilla
29%
Montesa
29%
Palma de Gandia
29%
Xaló
29%
Yátova
29%
Agullent
28%
Barxeta
28%
Culla
28%
el Genovés
28%
Venta del Moro
28%
Vilafamés
28%
Vilafranca
28%
Aigües
27%
Algímia/Algimia (2)
27%
Almoradí
27%
Ares del Maestrat
27%
Bellreguard
27%
Betxí
27%
Bonrepòs i Mirambell
27%
Faura
27%
l'Énova
27%
Miramar
27%
Polop
27%
Sumacàrcer
27%
Teresa (2)
27%
Vilanova d'Alcolea
27%
Vinalesa
27%
Viver
27%
Albatera
26%
Alfafara
26%
Alfarb
26%
Alfarrasí
26%
Benagéber
26%
Benlloc
26%
Bicorp
26%
Borriol
26%
Càrcer
26%
el Pinós
26%
Estivella
26%
Monòver
26%
Polinyà de Xúquer
26%
Torres Torres
26%
Xert
26%
Aín
25%
Antella
25%
Barracas
25%
Benassal
25%
Camporrobles
25%
Cortes (2)
25%
Cox
25%
el Toro
25%
Fuente la Reina
25%
Gàtova
25%
la Vilavella
25%
Massalavés
25%
Pedralba
25%
Benilloba
24%
Benimuslem
24%
Catí
24%
Caudiel
24%
Chella
24%
la Canyada
24%
Llutxent
24%
Marines
24%
Orba
24%
Quatretondeta
24%
Quesa
24%
Riola
24%
Sant Jordi
24%
Titaguas
24%
Alborache
23%
Bejís
23%
Benicull de Xúquer
23%
Càlig
23%
el Verger
23%
Llaurí
23%
Monforte del Cid
23%
San Miguel de Salinas
23%
Vistabella del Maestrat
23%
Alcalalí
22%
Bolbaite
22%
Busot
22%
Cinctorres
22%
Higueruelas
22%
les Coves de Vinromà
22%
Rafelguaraf
22%
Ròtova
22%
Santa Magdalena de Polpís
22%
Soneja
22%
Sorita
22%
Xodos
22%
Beneixama
21%
Benissanó
21%
Calles
21%
el Forcall
21%
Emperador
21%
Fontanars dels Alforins
21%
Llanera de Ranes
21%
Montaverner
21%
Otos
21%
Ràfol (2)
21%
Senyera
21%
Tuéjar
21%
Vilallonga
21%
Alcublas
20%
Algar de Palància
20%
Artana
20%
Beneixida
20%
Beniarjó
20%
Castielfabib
20%
Caudete de las Fuentes
20%
Dolores
20%
Fortaleny
20%
Granja de Rocamora
20%
la Granja de la Costera
20%
l'Orxa
20%
Millares
20%
Palmera
20%
Penàguila
20%
Potries
20%
Quartell
20%
Rotglà i corberà
20%
Tàrbena
20%
Tírig
20%
Zarra
20%
Alpuente
19%
Bugarra
19%
el Fondó (2)
19%
els Poblets
19%
Eslida
19%
Jalance
19%
Jarafuel
19%
la Mata de Morella
19%
Macastre
19%
Petrés
19%
Rafelcofer
19%
Rojales
19%
Sella
19%
Sinarcas
19%
Zucaina
19%
Alcàntera de Xúquer
18%
Almoines
18%
Bellús
18%
Benicolet
18%
Benirredrà
18%
Chóvar
18%
el Palomar
18%
Fanzara
18%
Gavarda
18%
Gestalgar
18%
Higueras
18%
la Jana
18%
Llucena
18%
Novetlè
18%
Rugat
18%
Salinas
18%
Sant Rafel del Riu
18%
Beniarbeig
17%
Castellonet de la Conquesta
17%
Catral
17%
Cirat
17%
Domeño
17%
Herbers
17%
Orxeta
17%
Portell de Morella
17%
Salem
17%
Sant Joanet
17%
traiguera
17%
Alfauir
16%
Alfondeguilla
16%
Benejúzar
16%
Carrícola
16%
Castellfort
16%
Cervera del Maestrat
16%
Fuenterrobles
16%
Guadasséquies
16%
Llíber
16%
Montitxelvo
16%
Parcent
16%
Pinet
16%
Planes
16%
Relleu
16%
Rossell
16%
San Fulgencio
16%
San Isidro
16%
Vallibona
16%
Andilla
15%
Ayódar
15%
Bèlgida
15%
Benafigos
15%
Beniatjar
15%
Benidoleig
15%
Beniflà
15%
Benimantell
15%
Benissoda
15%
Cerdà
15%
la Romana
15%
la Salzadella
15%
la Yesa
15%
les Useres
15%
Segart
15%
Torrella
15%
Villahermosa del Río
15%
Alcoleja
14%
Alcosser
14%
Benavites
14%
Beniardà
14%
Benifallim
14%
Benimarfull
14%
Bufali
14%
Castellnovo
14%
Confrides
14%
Daya (2)
14%
el Camp de Mirra
14%
Estubeny
14%
Figueroles
14%
Geldo
14%
Losa del Obispo
14%
Los Montesinos
14%
Pina de Montalgrao
14%
Redován
14%
Sellent
14%
Tales
14%
Torrebaja
14%
Almiserà
13%
Balones
13%
Benifato
13%
Benigembla
13%
Benillup
13%
Benimeli
13%
Bigastro
13%
Famorca
13%
l'Alguenya
13%
l'Atzúbia
13%
Murla
13%
Palanques
13%
Ribesalbes
13%
Suera
13%
Torás
13%
Vallanca
13%
Vallés
13%
Villargordo del Cabriel
13%
Algorfa
12%
Benferri
12%
Bolulla
12%
Cotes
12%
Fageca
12%
Formentera del Segura
12%
Gaianes
12%
Gorga
12%
la Todolella
12%
Millena
12%
Sempere
12%
Senija
12%
Terrateig
12%
Villores
12%
Almedíjar
11%
Argelita
11%
Azuébar
11%
Benasau
11%
Benissuera
11%
Costur
11%
Jacarilla
11%
Sagra
11%
Sanet i els Negrals
11%
Tollos
11%
Tormos
11%
Almudaina
10%
Arañuel
10%
Benijófar
10%
Gaibiel
10%
la Serratella
10%
Ludiente
10%
Matet
10%
Torralba del Pinar
10%
Torrechiva
10%
Benimassot
9%
Fuentes de Ayódar
9%
Sacañet
9%
Vallat
9%
Benafer
8%
Espadilla
8%
Pavías
8%
Toga
8%
Villamalur
8%
Castillo de Villamalefa
7%
Vall de Almonacid
7%
No se encontraron pruebas coincidentes
Distribución de puntuación
Porcentaje de gente con cada puntuación
Porcentaje por número respondido
Historial de tus puntuaciones
No has intentado esta prueba desde el último reinicio